000 00541nam a2200181Ia 4500
999 _c32607
_d32607
003 OSt
005 20201013103106.0
008 190216s9999||||xx |||||||||||||| ||und||
020 _a9788178795676
040 _coclc
082 _a070.449796
_bMIS/S
100 _aMishra, Prasidh Kumar
_95635
245 0 _aSports Journalism /
_cPrasidh Kumar Mishra
260 _bSports Publication,
_c2010.
_aNew Delhi:
300 _a288p
650 _aPhysical Education
942 _cBK
_2ddc
_h070.449796
_iMIS/S
_k070.449796
_mMIS/S